000 00542nam a2200205Ia 4500
005 20260429112002.0
008 260429s9999||||xx |||||||||||||| ||und||
020 _a9798886130966
041 _aEnglish
082 _a530.12
_bWEI
100 _aWeiss, Ulrich
245 0 _aQuantum dissipative systems /
_cUlrich Weiss
250 _a5th ed.
260 _aSingapore :
_bWorld Scientific Publishing,
_c2024.
300 _axxii, 584 p.; pbk
650 _a Quantum physics
650 _a Quantum theory
650 _aPhysics
942 _cTB
999 _c51751
_d51751